Loading...
| History - Other History | 1 | 3 | 1 | 1 | 40 | 65 | 99.25 | 0 | 4 |
| Other - Geo/CE | 1 | 2 | 0 | 2 | 35 | 35 | 99.00 | 2 | 3 |
| History - American History | 1 | 2 | 2 | 0 | 25 | 60 | 86.67 | 0 | 3 |
| History - Euro History | 1 | 2 | 2 | 1 | 25 | 49 | 84.67 | 2 | 3 |
| Thought - Social Science | 0 | 2 | 0 | 0 | 20 | 68 | 83.50 | 0 | 2 |
| Beliefs - Religion | 0 | 2 | 0 | 1 | 20 | 113 | 120.00 | 0 | 2 |
| History - World History | 1 | 2 | 3 | 1 | 20 | 79 | 102.00 | 0 | 3 |
| Other - Other Academic | 0 | 2 | 1 | 1 | 15 | 111 | 112.50 | 0 | 2 |
| Arts - Music | 0 | 1 | 0 | 0 | 10 | 90 | 90.00 | 1 | 1 |
| Literature - British Lit | 0 | 1 | 0 | 0 | 10 | 126 | 126.00 | 1 | 1 |
| Arts - Other Arts | 0 | 1 | 0 | 1 | 10 | 140 | 140.00 | 0 | 1 |
| Beliefs - Mythology | 0 | 1 | 0 | 0 | 10 | 122 | 122.00 | 0 | 1 |
| Arts - Painting | 0 | 1 | 0 | 0 | 10 | 90 | 90.00 | 1 | 1 |
| Science - Engineering | 0 | 1 | 0 | 0 | 10 | 95 | 95.00 | 1 | 1 |
| Science - Other Science | 0 | 2 | 2 | 1 | 10 | 100 | 112.00 | 0 | 2 |
| Science - Chemistry | 0 | 1 | 1 | 0 | 5 | 112 | 112.00 | 0 | 1 |